000 00430nmm a2200157Ia 4500
008 251105s9999||||xx |||||||||||||||||und||
020 _a9788416848140
041 _aspa
100 _aCampuzano Ayllón, Elisabet
245 0 _a¿Volveremos?
264 _a[Madrid, España] :
_bExLibric,
_c2016
300 _a77 páginas
650 _aSpanish narrative
856 _uhttps://public.digitaliapublishing.com/a/85401
942 _cCF
999 _c78051
_d78051